000 00329nam a22001337a 4500
008 170908b xxu||||| |||| 00| 0 eng d
020 _a2900133715841
041 _aeng
080 _25 ED
_a91
100 _a42
101 _aGEO
245 _aEARYH AN INTRODUCTION TO PHYSYSICAL GEOLOGY
_cTARBUCK.E.J
942 _2udc
_cBK
999 _c26782
_d26782